000
002900000a22000970004500
100
1
_a
Martin, Dale B.
245
1
0
_a
Review essay : Justin J. Meggitt, Paul, poverty and survival
300
_a
Núm 84 (2001), Páginas 51-64
773
0
_t
Journal for the Study of the New Testament
942
_c
ANA
999
_c
55538
_d
55538